Thế Lữ, Lưu Trọng Lư Tuyển chọn và trích dẫn những bài phê bình - bình luận văn học,...
v.v...
Đã lưu trong:
| Tác giả chính: | |
|---|---|
| Định dạng: | Sách |
| Năm xuất bản: |
Khánh Hòa
TH Khánh Hòa
1991
|
| Chủ đề: | |
| Tags: |
Thêm thẻ
Không có thẻ, Hãy là người đầu tiên gắn thẻ bản ghi này!
|
| LEADER | 01104nam a2200217 4500 | ||
|---|---|---|---|
| 082 | |a 895.9221009 |b TH250L | ||
| 100 | |a Bạch Năng Thi | ||
| 245 | |a Thế Lữ, Lưu Trọng Lư |c Bạch Năng Thi, Nguyễn Thế Lữ, Hoài Thanh,...; Vũ Tiến Quỳnh biên soạn |b Tuyển chọn và trích dẫn những bài phê bình - bình luận văn học,... | ||
| 260 | |a Khánh Hòa |b TH Khánh Hòa |c 1991 | ||
| 300 | |a 96 tr. |c 21 cm | ||
| 520 | |a v.v... | ||
| 653 | |a Văn học | ||
| 653 | |a Việt Nam | ||
| 653 | |a Phê bình văn học | ||
| 653 | |a Bình luận | ||
| 653 | |a Thơ | ||
| 942 | |2 ddc |c STK0 | ||
| 999 | |c 2330 |d 2330 | ||
| 952 | |0 0 |1 0 |2 ddc |4 0 |6 895_922100900000000_TH300L |7 1 |8 800 |9 31076 |a qbu |b qbu |c D5 |d 2014-12-13 |g 2500 |o 895.9221009 TH300L |p 3779.c1 |r 2015-10-27 |w 2014-12-13 |y STK0 | ||
| 952 | |0 0 |1 0 |2 ddc |4 0 |6 895_922100900000000_TH300L |7 0 |8 800 |9 31077 |a qbu |b qbu |c D5 |d 2014-12-13 |g 2500 |o 895.9221009 TH300L |p 3779.c2 |r 0000-00-00 |w 2014-12-13 |y STK0 | ||
| 952 | |0 0 |1 0 |2 ddc |4 0 |6 895_922100900000000_TH300L |7 0 |8 800 |9 31078 |a qbu |b qbu |c D5 |d 2014-12-13 |g 2500 |o 895.9221009 TH300L |p 3779.c3 |r 2015-10-27 |w 2014-12-13 |y STK0 | ||